| 000 | 01044nam a2200277 a 4500 | ||
|---|---|---|---|
| 001 | 000003281 | ||
| 003 | OSt | ||
| 005 | 20240307073950.0 | ||
| 008 | 090707s2009 dr 000 0 spa d | ||
| 020 | _a9789945162714 | ||
| 040 |
_aDO-SdBNP _bspa _cBNPHU |
||
| 082 |
_a342.729307 _bV164t |
||
| 100 | 1 |
_aValerio, Leonardo Amparo _d1966- _910334 |
|
| 245 | 1 | 0 |
_aTratado de derecho electoral dominicano / _cLeonardo Amparo Valerio ; prólogo José A. Silié Gatón. |
| 260 |
_aSanto Domingo : _bBúho, _c2009. |
||
| 300 |
_a308 p. : _bmapa ; _c23 cm. |
||
| 500 | _aIncluye datos biográficos del autor en la contracubierta | ||
| 504 | _aBibliografía : p. 305-308 | ||
| 590 | _aInventariado, 2018/ YL | ||
| 610 | 1 | 0 |
_aRepública Dominicana. _b Junta Central Electoral _964605 |
| 650 | 4 |
_aElecciones _xLegislación _zRepública Dominicana _9412 |
|
| 650 | 4 |
_aElecciones _zRepública Dominicana _xHistoria _92522 |
|
| 700 | 1 |
_a Silié Gatón, José A., _d1920-2014 _epról. _9747 |
|
| 910 | _aValidado. Control de calidad MMOLINA | ||
| 942 |
_2ddc _cLBS1 |
||
| 999 |
_c3112 _d3112 |
||